Cómo funciona la música.

Uloženo v:
Podrobná bibliografie
Hlavní autor: Byrne, David (autor)
Další autoři: Viaplana, Marc (traductor)
Médium: Kniha
Vydáno: Ciudad de México, México: Sexto piso, 2017.
Vydání:Primera edición en rústica
Edice:Sexto Piso Realidades.
Témata:
Tagy: Přidat tag
Žádné tagy, Buďte první, kdo vytvoří štítek k tomuto záznamu!

MARC

LEADER 00000nam a22000007a 4500
003 CL-VaPUC
005 20250407202455.0
008 250319t2017 ||||| |||| 00| 0 eng d
999 |c 447474  |d 447472 
020 |a 978-607-9436-55-1 
040 |c Pontificia Universidad Católica de Valparaíso 
082 |a 780.1 BYR 2017 
100 |9 597625  |a Byrne, David  |e autor 
245 |a Cómo funciona la música. 
250 |a Primera edición en rústica 
260 |a Ciudad de México, México:  |b Sexto piso,  |c 2017. 
300 |a 465 páginas:  |b ilustraciones. 
490 |a Sexto Piso Realidades. 
500 |a c.1-c.2. Instituto Arcos.08-01-2025. 
583 |c 20250319  |k Gabriela Rodríguez Cuevas 
650 0 |9 265497  |a Estética musical 
650 0 |9 334138  |a Grabaciones sonoras  |x Producción y dirección 
650 0 |9 897160  |a Industria musical 
700 |9 895672  |a Viaplana, Marc  |e traductor 
942 |2 ddc  |c BK  |n 0 
952 |0 0  |1 0  |2 ddc  |4 0  |6 780_100000000000000_BYR_2017  |7 0  |8 A  |9 601552  |a BIBINC  |b BIBINC  |d 2025-03-19  |e Instituto Arcos  |i 5666418  |l 2  |o 780.1 BYR 2017  |p 5666418  |r 2025-04-23  |s 2025-04-16  |t 1  |w 2025-03-19  |y BK  |k IFP 
952 |0 0  |1 0  |2 ddc  |4 0  |6 780_100000000000000_BYR_2017  |7 0  |8 A  |9 601553  |a BIBINC  |b BIBINC  |d 2025-03-19  |e Instituto Arcos  |i 5666419  |o 780.1 BYR 2017  |p 5666419  |r 2025-03-19  |t 2  |w 2025-03-19  |y BK  |k IFP